000 01527cam a2200469 i 4500
001 1241
003 KOSZ 005
005 20200722092208.0
008 981118s1985 pl a f f |000 0 pol
015 _aPB 1985/2692
020 _a8320804132
040 _aWA N
_cWA N
_dKOSZ 005/HR
041 0 _apol
046 _k1985
080 _a663/664.017
080 _a620.2
080 _a(075.8)
245 0 0 _aProdukty spożywcze :
_bpraca zbiorowa /
_cpod red. A[leksandra] Lempki ; [aut. Marian Kasperek et al.].
260 _aWarszawa :
_bPańst. Wydaw. Ekonomiczne,
_c1985.
300 _a533, [2] s. :
_brys. ;
_c24 cm.
336 _2rdacontent
_aTekst
_btxt
337 _2rdamedia
_aBez urządzenia pośredniczącego
_bn
338 _2rdacarrier
_aWolumin
_bnc
380 _aKsiążki
380 _aPublikacje dydaktyczne
385 _mPoziom nauczania
_aSzkoły wyższe
388 _a1901-2000
388 _a1945-1989
490 1 _aTowaroznawstwo.
504 _aBibliogr. przy rozdz.
650 4 _aŻywność
650 4 _aTowaroznawstwo
655 4 _aPodręczniki akademickie
658 _aInżynieria i technika
658 _aRolnictwo i leśnictwo
700 1 _aLempka, Aleksander
_eRedakcja
700 1 _aKasperek, Marian
_eAutor
710 2 _aPaństwowe Wydawnictwo Ekonomiczne
_4pbl.
830 0 _aTowaroznawstwo
856 _uhttp://koha.tu.koszalin.pl/cgi-bin/koha/opac-detail.pl?biblionumber=1241
_yKatalog online BPK
942 _2UKD
_cKS
999 _c1241
_d1241